<?xml version="1.0" encoding="UTF-8"?><?xml-stylesheet type="text/xsl" href="static/style.xsl"?><OAI-PMH xmlns="http://www.openarchives.org/OAI/2.0/" xmlns:xsi="http://www.w3.org/2001/XMLSchema-instance" xsi:schemaLocation="http://www.openarchives.org/OAI/2.0/ http://www.openarchives.org/OAI/2.0/OAI-PMH.xsd"><responseDate>2026-06-01T12:19:34Z</responseDate><request verb="GetRecord" identifier="oai:riuma.uma.es:10630/19416" metadataPrefix="marc">https://riuma.uma.es/rest/oai/request</request><GetRecord><record><header><identifier>oai:riuma.uma.es:10630/19416</identifier><datestamp>2026-02-03T10:27:06Z</datestamp><setSpec>com_10630_1685</setSpec><setSpec>col_10630_38056</setSpec></header><metadata><record xmlns="http://www.loc.gov/MARC21/slim" xmlns:dcterms="http://purl.org/dc/terms/" xmlns:doc="http://www.lyncode.com/xoai" xmlns:xsi="http://www.w3.org/2001/XMLSchema-instance" xsi:schemaLocation="http://www.loc.gov/MARC21/slim http://www.loc.gov/standards/marcxml/schema/MARC21slim.xsd">
   <leader>00925njm 22002777a 4500</leader>
   <datafield ind2=" " ind1=" " tag="042">
      <subfield code="a">dc</subfield>
   </datafield>
   <datafield ind2=" " ind1=" " tag="720">
      <subfield code="a">Harding, Timsam</subfield>
      <subfield code="e">author</subfield>
   </datafield>
   <datafield ind2=" " ind1=" " tag="260">
      <subfield code="c">2020-03-17</subfield>
   </datafield>
   <datafield ind2=" " ind1=" " tag="520">
      <subfield code="a">Mi proyecto, Entre Talud y Cuneta, se forma por una serie de esculturas y fotografías que resumen una experiencia de tránsito.&#xd;
Dichas piezas están constituidas por los restos o “escombros” de los sucesos que tuvieron lugar en el entorno de una autovía y que posteriormente fueron retirados a los lindes para que la circulación pudiese continuar de forma ininterrumpida. Las fotografías, encargadas de documentar y dar testimonio de las huellas, del rastro y de aquellos eventos que pudieron ocurrir en la vía, la cual encontramos a veces pintada con derrapes y adornada con neumáticos rotos.&#xd;
Aquí comienza mi recorrido por este paisaje artificial que es la autovía, el cual me lleva a encontrar el material que da inicio al proceso. Los trayectos que a menudo realizo me han dado la oportunidad de apreciar la transformación del paisaje. De reflexionar acerca de como el efecto de lo artificial produce un impacto en el entorno, modificándolo y alterando nuestra percepción del mismo. La autovía engloba la construcción, reconstrucción y de-construcción del paisaje en sí misma. En primer lugar supone una creación del ser humano pensada para obtener un beneficio, que a su vez modifica el paisaje con la intención de crear un espacio vacío, libre de obstáculos a través del cual poder transitar.</subfield>
   </datafield>
   <datafield ind1="8" ind2=" " tag="024">
      <subfield code="a">https://hdl.handle.net/10630/19416</subfield>
   </datafield>
   <datafield tag="653" ind2=" " ind1=" ">
      <subfield code="a">Bellas Artes - Trabajos Fin de Master</subfield>
   </datafield>
   <datafield tag="653" ind2=" " ind1=" ">
      <subfield code="a">Fotografía artística</subfield>
   </datafield>
   <datafield tag="653" ind2=" " ind1=" ">
      <subfield code="a">Escultura</subfield>
   </datafield>
   <datafield ind2="0" ind1="0" tag="245">
      <subfield code="a">Entre talud y cuneta</subfield>
   </datafield>
</record>
</metadata></record></GetRecord></OAI-PMH>